000 00961cad a22002415a 4500
001 E148084
008 090722s2009 xxkd f 000 0 eng d
035 _a(Sirsi) u148084
041 0 _aeng
050 0 4 _a333.33 $2 18
110 2 _aSavills
_92020
245 0 0 _aEuropean retail markets summer 2009
_h[electronic resource]
260 _aLondon
_bSavills
_c2009
490 0 _aSavills European Retail Markets
520 _aReports that the volume of European retail trade was down 1.4% in April when compared with April 2008. Shopping centre and retail warehouse rents began to fall at the end of 2008, and prime rents are an average of 6% lower than a year ago.
521 _aAdvanced
590 _aKA
650 2 4 _aSAVILLS EUROPEAN RETAIL MARKETS
651 4 _aEurope
690 _aPROPERTY-COMMERCIAL PROPERTY-COMMERCIAL PROPERTY MARKET
856 4 0 _uhttps://www.savills.co.uk
_zView the report free of charge at www.savills.co.uk...
942 _n0
999 _c109876
_d109876